00531nam a2200169Ia 4500008004100000040001900041041001200060082002700072100001900099245008600118250001200204260003700216300004100253650001700294651003000311850002000341131103s9999 xx 000 0 und d aLoreto College aEnglish a526.9/KISbLCLIB/11863 aKissam, Philip aSurveying instruments and methodsb for surveys of limited extent cPhilip Kissam a2nd ed. aNew YorkbMcGraw-Hill Bookc1956 aviii,482 p.b ill., figuresc 24 cm. aSurveying -  aMathematical Geography -  aLCLIB/526.9/KIS